00603nam a2200181 a 450000100060000000300090000600800410001502000150005604000280007108200160009910000210011524500680013626000560020430000110026049000420027150500840031365000240039719792CO-ViMGA141112s2004 ck r 000 u spa d a9968380814 aCO-ViMGAbspacCO-ViMGA04a347.9 C687e1 aCouture, Eduardo10aEstudios, ensayos y lecciones de derecho procesal civil. Vol. 2 aMexico : bEditorial Juridica Universitaria, c2001 a475 p. aClásicos del derecho procesal civil aConstitucion y proceso civil. Juez, partes y proceso. Pruebas en materia civil.14aPROCEDIMIENTO CIVIL